header

Margaret Atwood (Record no. 152662)

MARC details
000 -LEADER
fixed length control field 01463nam a2200385Ia 4500
082 04 - DEWEY DECIMAL CLASSIFICATION NUMBER
Classification number 813.54
100 1# - MAIN ENTRY--AUTHOR NAME
Personal name Wynne-Davies, Marion.
245 10 - TITLE STATEMENT
Title Margaret Atwood
260 ## - PUBLICATION, DISTRIBUTION, ETC. (IMPRINT)
Place of publication Horndon, Tavistock, Devon, UK :
Name of publisher Northcote, British Council,
Year of publication 2010.
300 ## - PHYSICAL DESCRIPTION
Number of Pages xv, 104 p.
490 1# - SERIES STATEMENT
Series statement Writers and their work
650 #0 - SUBJECT ADDED ENTRY--TOPICAL TERM
Topical Term Authors, Canadian
856 40 - ELECTRONIC LOCATION AND ACCESS
Uniform Resource Identifier http://site.ebrary.com/lib/rucke/Doc?id=10723920

No items available.

© 2026 Rongo University
Contact us: librarian | system librarian | Rongo university